| 000 | 01076nam a2200289Ia 4500 | ||
|---|---|---|---|
| 003 | GCL | ||
| 008 | 140319s9999 xx 000 0 ara d | ||
| 020 | _a7135501977 | ||
| 040 |
_aGCL / _cGCL |
||
| 082 | 0 | 4 |
_aق _b327.62073 _bر س |
| 100 | 1 | _aرايت، لينوار تشامبرز | |
| 245 | 1 | 0 |
_aسياسة الولايات المتحدة الامريكية ازاء مصر 1830 - 1914 / _cرايت، لينوار تشامبرز |
| 700 | 1 | _aفاطمة علم الدين عبدالواحد | |
| 700 | 1 | _aيونان لبيب رزق | |
| 250 | _aالاولى | ||
| 260 |
_aالقاهرة : _bالهيئة المصرية العامة للكتاب ، _c1987 |
||
| 300 |
_a167 ص ؛ _c22 سم |
||
| 490 |
_aالالف كتاب الثانى _v0 |
||
| 650 | 0 | 4 | _aالعصر الحديث |
| 650 | 0 | 4 | _aمصر |
| 650 | 0 | 4 | _aتاريخ |
| 650 | 0 | 4 | _aالولايات المتحدة الامريكية |
| 650 | 0 | 4 | _aالعلاقات الخارجية |
| 650 | 0 | 4 | _aالعلاقات الاقتصادية |
| 650 | 0 | 4 | _aالتجارة الخارجية |
| 942 |
_2ddc _cBK |
||
| 999 |
_c52982 _d52982 |
||